Сочинение: в 4 т.; пер. с франц.

Bibliografiske detaljer
Hovedforfatter: Вандаль А. Альберт
Sprog:russisk
Udgivet: Ростов-на-Дону, Феникс, 1995
Format: MixedMaterials Bog
KOHA link:https://koha.lib.tpu.ru/cgi-bin/koha/opac-detail.pl?biblionumber=66120

MARC

LEADER 00000nam1a2200000 4500
001 66120
005 20231031071153.0
035 |a (RuTPU)RU\TPU\book\70220 
035 |a RU\TPU\book\622 
090 |a 66120 
100 |a 20040721d1995 m y0rusy50 ca 
101 1 |a rus  |c fre 
102 |a RU 
200 1 |a Сочинение  |e в 4 т.  |e пер. с франц.  |f А. Вандаль 
210 |a Ростов-на-Дону  |c Феникс  |d 1995 
215 |a 570 с. 
700 1 |a Вандаль  |b А.  |g Альберт 
801 0 |a RU  |b 63413507  |c 20011209  |g PSBO 
801 2 |a RU  |b 63413507  |c 20060113  |g PSBO 
942 |c BK